LEADER 02399nam 2200577 450 001 9910480941603321 005 20180731043854.0 010 $a1-4704-0380-3 035 $a(CKB)3360000000464966 035 $a(EBL)3114355 035 $a(SSID)ssj0000938806 035 $a(PQKBManifestationID)11548691 035 $a(PQKBTitleCode)TC0000938806 035 $a(PQKBWorkID)10921443 035 $a(PQKB)11590682 035 $a(MiAaPQ)EBC3114355 035 $a(PPN)195416686 035 $a(EXLCZ)993360000000464966 100 $a20030318d2003 uy| 0 101 0 $aeng 135 $aur|n|---||||| 181 $ctxt 182 $cc 183 $acr 200 10$aOn central critical values of the degree four L-functions for GSp(4) $ethe fundamental lemma /$fMasaaki Furusawa, Joseph A. Shalika 210 1$aProvidence, Rhode Island :$cAmerican Mathematical Society,$d2003. 215 $a1 online resource (158 p.) 225 1 $aMemoirs of the American Mathematical Society,$x0065-9266 ;$vnumber 782 300 $a"July 2003, volume 164, number 782 (fourth of 5 numbers)." 311 $a0-8218-3328-6 320 $aIncludes bibliographical references (pages 138-139). 327 $a""Chapter 4. Evaluation of the Novodvorsky Orbital Integral""""4.1. Double coset decomposition""; ""4.2. Relevant double cosets""; ""4.3. Evaluation of the Novodvorsky orbital integral""; ""Chapter 5. Evaluation of the Bessel Orbital Integral""; ""5.1. Relevant double cosets""; ""5.2. Evaluation of the Bessel orbital integral""; ""Chapter 6. Evaluation of the Quadratic Orbital Integral""; ""6.1. Double coset decomposition""; ""6.2. Relevant double cosets""; ""6.3. Evaluation of the quadratic orbital integral""; ""Bibliography"" 410 0$aMemoirs of the American Mathematical Society ;$vno. 782. 606 $aSiegel domains 606 $aModular groups 606 $aAutomorphic forms 608 $aElectronic books. 615 0$aSiegel domains. 615 0$aModular groups. 615 0$aAutomorphic forms. 676 $a510 s 676 $a512/.7 700 $aFurusawa$b Masaaki$0868509 702 $aShalika$b Joseph A.$f1941- 801 0$bMiAaPQ 801 1$bMiAaPQ 801 2$bMiAaPQ 906 $aBOOK 912 $a9910480941603321 996 $aOn central critical values of the degree four L-functions for GSp(4)$91938733 997 $aUNINA LEADER 02585nam 2200577Ia 450 001 9910144394703321 005 20170816111606.0 010 $a1-282-02203-2 010 $a9786612022036 010 $a3-527-62432-5 010 $a3-527-62433-3 035 $a(CKB)1000000000687151 035 $a(EBL)481561 035 $a(OCoLC)391052032 035 $a(SSID)ssj0000331411 035 $a(PQKBManifestationID)11230629 035 $a(PQKBTitleCode)TC0000331411 035 $a(PQKBWorkID)10344209 035 $a(PQKB)11170053 035 $a(MiAaPQ)EBC481561 035 $a(EXLCZ)991000000000687151 100 $a20081201d1995 uy 0 101 0 $ager 135 $aur|n|---||||| 181 $ctxt 182 $cc 183 $acr 200 10$aKopplungstechniken zur Elementspeziesanalytik$b[electronic resource] /$fLothar Dunemann, Jutta Begerow 210 $aWeinheim $cWiley-Blackwell$d1995 215 $a1 online resource (240 p.) 300 $aDescription based upon print version of record. 311 $a3-527-28719-1 320 $aIncludes bibliographical references and index. 327 $aKopplungstechniken zur Elementspeziesanalytik; Inhalt; 1 Einleitung und U?bersicht; 2 Elementspeziesanalytik (ESA); 3 Kopplungstechniken zur Elementspeziesanalytik; 4 Anwendungsgebiete der Kopplungstechniken in der ESA; 5 Zuku?nftige Entwicklungen; 6 Zusammenfassung und Ausblick; Register 330 $aDie aktuellen Probleme der lokalen und globalen Umweltu?berwachung erfordern schnelle und zuverla?ssige Strategien zurElementspeziesanalytik. Diese Analytik ist die einzige, die zum besseren Versta?ndnis komplexer Zusammenha?nge beitragen kann, da sie eine Differenzierung der Elementgehalte erlaubt. Bei der erforderlichen Kombination von Trenn- und Detektionssystemen stehen Kopplungstechniken an erster Stelle, da sie in vergleichbar kurzer Analysenzeit aussagekra?ftige und zuverla?ssige Ergebnisse liefern. Erstmals wird hier diese zukunftsweisende Technik fu?r die Elementspeziesanalytik z 606 $aTrace elements$xSpeciation 606 $aTrace analysis$xMethodology 608 $aElectronic books. 615 0$aTrace elements$xSpeciation. 615 0$aTrace analysis$xMethodology. 676 $a543 676 $a572.515 700 $aDunemann$b L$g(Lothar)$0932371 701 $aBegerow$b Jutta$0932372 801 0$bMiAaPQ 801 1$bMiAaPQ 801 2$bMiAaPQ 906 $aBOOK 912 $a9910144394703321 996 $aKopplungstechniken zur Elementspeziesanalytik$92097987 997 $aUNINA